[Event "Less Trivial Norm - 2nd edition"]
[Site "SchemingMind.com"]
[Date "2007.09.15"]
[Round "-"]
[White "Brendan Joseph Birt"]
[Black "Vaidotas"]
[Result "1/2-1/2"]
[WhiteCountry "USA"]
[BlackCountry "LTU"]
[WhiteElo "1862"]
[WhiteRD "94"]
[BlackElo "1954"]
[BlackRD "77"]
[GameID "120774"]

1. e4 e5 2. Nf3 Nc6 3. d4 exd4 4. Bc4 Bb4+ 5. c3 dxc3 6. bxc3 Bc5 7. Bxf7+ Kxf7 8. Qd5+ Kf8 9. Qxc5+ d6 10. Qh5 Nf6
11. Qh4 Qe7 12. Nbd2 Ne5 13. Nxe5 dxe5 14. O-O Qc5 15. c4 Be6 16. a4 Kf7 17. Nf3 h6 18. Ba3 Qa5 19. Qg3 Rhe8 20. Qxe5 Qxe5
21. Nxe5+ Kg8 22. Rfe1 Rad8 23. f3 Nd7 24. Nxd7 Rxd7 25. Red1 Red8 26. Rxd7 Rxd7 27. Rb1 b6 28. c5 Rd3 29. Bb4= Rb3 30. Rxb3 Bxb3
31. cxb6 axb6 32. a5 bxa5 33. Bxa5 c6 34. Kf2 Kf7 35. Bb6 Ke6 36. Bc5 Bc4 37. Ke3 g6 38. h4 h5 39. Kf4 Bf1 40. g4 hxg4
41. Kxg4 Be2 42. Bd4 Bd1 43. Kg3 Bc2 44. Kf4 Bd1 45. Ke3 Bc2 46. Kd2 Bb1 47. Ke3=
1/2-1/2

[Event "Less Trivial Norm - 2nd edition"]
[Site "SchemingMind.com"]
[Date "2007.09.16"]
[Round "-"]
[White "Netferatu"]
[Black "Vaidotas"]
[Result "1-0"]
[WhiteCountry "ARG"]
[BlackCountry "LTU"]
[WhiteElo "2131"]
[WhiteRD "79"]
[BlackElo "1954"]
[BlackRD "77"]
[GameID "120775"]

1. d4 g6 2. e4 Bg7 3. Nf3 d6 4. c4 Nc6 5. Be3 e5 6. d5 Nce7 7. Nc3 f5 8. c5 f4 9. cxd6 cxd6 10. Bb5+ Bd7
11. Bd2 h6 12. Qb3 Nf6 13. Bd3 O-O 14. Qxb7 Rb8 15. Qxa7 Rxb2 16. a4 g5 17. h3 Nc8 18. Qa6 Qc7 19. Nb5 Bxb5 20. axb5 Nb6
21. Rc1 Qb8 22. Qa3 Rxd2 23. Nxd2 Rc8 24. O-O Bf8 25. Rxc8 Nxc8 26. Rc1 Nd7 27. Qa6 Ncb6 28. Rc6 Kg7 29. Be2 Kf6 30. Bg4 Be7
31. Bxd7 Nxd7 32. Rc8 Qb6 33. Nc4 Qd4 34. Nxd6
1-0

[Event "Less Trivial Norm - 2nd edition"]
[Site "SchemingMind.com"]
[Date "2007.09.15"]
[Round "-"]
[White "calidore"]
[Black "Vaidotas"]
[Result "1-0"]
[WhiteCountry "ISR"]
[BlackCountry "LTU"]
[WhiteElo "1889"]
[WhiteRD "65"]
[BlackElo "1948"]
[BlackRD "81"]
[GameID "120776"]

1. e4 e5 2. Nf3 Nc6 3. Bc4 Nf6 4. d4 exd4 5. e5 Ne4 6. c3 d5 7. Bb5 dxc3 8. O-O Be7 9. Nxc3 Nxc3 10. bxc3 O-O
11. Be3 Bg4 12. Be2 Re8 13. Rb1 Rb8 14. Bd4 Bxf3 15. Bxf3 Nxd4 16. cxd4 c6 17. Qa4= a5 18. Qc2 Qd7 19. Rb6 Bd8 20. Rb3 f6
21. Re1 Bc7 22. Rbe3 fxe5 23. dxe5 Qe6 24. h3 Qg6 25. Bxd5+ cxd5 26. Qxc7 b6 27. e6 d4 28. Rg3 Qf6 29. e7 a4 30. Rf3 Qg6
31. Qc4+ Kh8 32. Qxd4 b5 33. Qe5 Kg8 34. Qd5+ Kh8 35. Qxb5 Qd6 36. Qg5 h6 37. Qe5 Qb4 38. Rf7 Rg8 39. Rxg7
1-0

[Event "Less Trivial Norm - 2nd edition"]
[Site "SchemingMind.com"]
[Date "2007.09.15"]
[Round "-"]
[White "Konan_Kaddosh"]
[Black "Vaidotas"]
[Result "1-0"]
[WhiteCountry "ITA"]
[BlackCountry "LTU"]
[WhiteElo "2343"]
[WhiteRD "71"]
[BlackElo "1990"]
[BlackRD "85"]
[GameID "120777"]

1. e4 e5 2. Nf3 Nc6 3. Bb5 a6 4. Ba4 Nf6 5. O-O b5 6. Bb3 Bc5 7. a4 b4 8. Nxe5 Nxe5 9. d4 Bxd4 10. Qxd4 Nc6
11. Qc5 Qe7 12. Qxe7+ Nxe7 13. e5 Nfd5 14. c4
1-0

[Event "Less Trivial Norm - 2nd edition"]
[Site "SchemingMind.com"]
[Date "2007.09.19"]
[Round "-"]
[White "BigDoggProblem"]
[Black "e_castle3"]
[Result "1-0"]
[WhiteCountry "USA"]
[BlackCountry "PHI"]
[WhiteElo "2093"]
[WhiteRD "117"]
[BlackElo "1789"]
[BlackRD "69"]
[GameID "121369"]

1. e4 e5 2. Nf3 Nc6 3. Bb5 d6 4. O-O Bd7 5. c3 a6 6. Ba4 b5 7. Bc2 Nf6 8. h3 Be7 9. d4 exd4 10. cxd4 O-O
11. Nc3 Re8 12. e5 dxe5 13. dxe5 Nh5 14. g4 Nf6 15. exf6
1-0

[Event "Less Trivial Norm - 2nd edition"]
[Site "SchemingMind.com"]
[Date "2007.09.19"]
[Round "-"]
[White "BigDoggProblem"]
[Black "Brendan Joseph Birt"]
[Result "1-0"]
[WhiteCountry "USA"]
[BlackCountry "USA"]
[WhiteElo "2055"]
[WhiteRD "97"]
[BlackElo "1916"]
[BlackRD "79"]
[GameID "121370"]

1. e4 c5 2. Nf3 g6 3. d4 cxd4 4. Nxd4 Nc6 5. c4 Nf6 6. Nc3 d6 7. Be2 Nxd4 8. Qxd4 Bg7 9. Be3 O-O 10. Qd2 Be6
11. O-O Qa5 12. Rab1 Rfc8 13. b3 Ng4 14. Nd5 Qxd2 15. Bxd2 Kf8 16. Bg5 Bxd5 17. exd5 Nf6 18. Rfe1 Re8 19. Bf3 h6 20. Bd2 Nd7
21. Be3 b6 22. Re2 Ne5 23. Be4 f5 24. Bc2 e6 25. Rd1 exd5 26. Rxd5 Re6 27. h4 h5 28. Kf1 Nf7 29. Red2 Rae8 30. g3 Ke7
31. b4 Bh6 32. Bxh6 Nxh6 33. Ba4 Rc8 34. c5 Nf7 35. cxb6 axb6 36. Rb5 Ne5 37. Rxb6 Nf3 38. Rb7+ Kf6 39. Rd1 Rd8 40. Bd7 Re7
41. Rxd6+ Kg7 42. Bc6 Rxd6 43. Rxe7+ Kf6 44. Rc7 Nh2+ 45. Kg2 Ng4 46. Bf3 Rd2 47. Bxg4 fxg4 48. a4
1-0

[Event "Less Trivial Norm - 2nd edition"]
[Site "SchemingMind.com"]
[Date "2007.09.19"]
[Round "-"]
[White "BigDoggProblem"]
[Black "Netferatu"]
[Result "0-1"]
[WhiteCountry "USA"]
[BlackCountry "ARG"]
[WhiteElo "2055"]
[WhiteRD "97"]
[BlackElo "2174"]
[BlackRD "78"]
[GameID "121371"]

1. e4 c6 2. d4 d5 3. e5 Bf5 4. h4 e6 5. g4 Be4 6. f3 Be7 7. fxe4 Bxh4+ 8. Ke2 Bg5 9. exd5 Bxc1 10. Qxc1 cxd5
11. Nf3 Nc6 12. Qd2 Qb6 13. c3 f6 14. Na3 fxe5 15. Nxe5 Nf6 16. Nxc6 Ne4 17. Qc2 Ng3+ 18. Kf3 Nxh1 19. Kg2 bxc6 20. Kxh1 Qd8
21. Qh2 O-O 22. Bd3 g6 23. Nc2 Qg5 24. Be2 Qd2
0-1

[Event "Less Trivial Norm - 2nd edition"]
[Site "SchemingMind.com"]
[Date "2007.09.19"]
[Round "-"]
[White "BigDoggProblem"]
[Black "calidore"]
[Result "1-0"]
[WhiteCountry "USA"]
[BlackCountry "ISR"]
[WhiteElo "2093"]
[WhiteRD "117"]
[BlackElo "1871"]
[BlackRD "59"]
[GameID "121372"]

1. e4 Nf6 2. e5 Nd5 3. c4 Nb6 4. d4 d6 5. exd6 cxd6 6. Nc3 g6 7. Be3 Bg7 8. Rc1 O-O 9. b3 e5 10. dxe5 dxe5
11. Qxd8 Rxd8 12. c5 N6d7 13. Bc4 Nc6 14. Nf3 Nd4 15. Ng5 Rf8 16. Nce4 b5 17. Bd5 Rb8 18. Nxf7 Rxf7 19. Nd6
1-0

[Event "Less Trivial Norm - 2nd edition"]
[Site "SchemingMind.com"]
[Date "2007.09.19"]
[Round "-"]
[White "BigDoggProblem"]
[Black "Vaidotas"]
[Result "1/2-1/2"]
[WhiteCountry "USA"]
[BlackCountry "LTU"]
[WhiteElo "2055"]
[WhiteRD "97"]
[BlackElo "1945"]
[BlackRD "76"]
[GameID "121373"]

1. e4 e5 2. Nf3 Nc6 3. Bb5 a6 4. Ba4 Nf6 5. O-O b5 6. Bb3 Bc5 7. c3 Nxe4 8. d4 Be7 9. d5 Na5 10. Bc2 Nf6
11. Nxe5 d6 12. Nf3 O-O 13. Bg5 Bg4 14. Qd3 g6 15. Bh6 Re8 16. Bb3 Nxb3 17. axb3 Bf5 18. Qd2 Ng4 19. Bf4 Bf6 20. Nd4 Bd7
21. Na3 Bg7 22. Rae1 Qh4 23. f3 Nf6 24. c4 b4 25. Nac2 Rxe1 26. Rxe1 Re8 27. Bg3 Qh5 28. Rxe8+ Nxe8 29. Nxb4 a5 30. Nbc2 a4
31. bxa4 Bxa4 32. b3 Bd7 33. Qe3 Bf6 34. Qe4 Ng7 35. Ne3 Bxd4 36. Qxd4 Nf5 37. Qe4 Nxg3 38. hxg3 Qg5 39. Kf2 Qf6 40. Qc2 Qd4
41. Ke2 Qe5 42. g4 f5 43. gxf5 gxf5 44. Kf2 f4 45. Nd1=
1/2-1/2

[Event "Less Trivial Norm - 2nd edition"]
[Site "SchemingMind.com"]
[Date "2007.09.24"]
[Round "-"]
[White "BigDoggProblem"]
[Black "Konan_Kaddosh"]
[Result "0-1"]
[WhiteCountry "USA"]
[BlackCountry "ITA"]
[WhiteElo "2093"]
[WhiteRD "117"]
[BlackElo "2415"]
[BlackRD "58"]
[GameID "121374"]

1. e4 c5 2. Nf3 Nc6 3. d4 cxd4 4. Nxd4 e5 5. Nb5 d6 6. N1c3 a6 7. Na3 b5 8. Nd5 Nge7 9. c4 Nd4 10. Be3 Nxd5
11. cxd5 Be7 12. Bd3 O-O 13. O-O Bd7 14. Qd2 Rc8 15. Bxd4 exd4 16. Nc2 Qb6 17. h3 Bf6 18. f4 g6 19. Kh2 Rfe8 20. Ne1 Bg7
21. Nf3 Qb7 22. Rad1 Rc7 23. Bc2 b4 24. Rfe1 a5 25. e5 Rc5 26. Nxd4 dxe5 27. fxe5 Bxe5+
0-1

[Event "Less Trivial Norm - 2nd edition"]
[Site "SchemingMind.com"]
[Date "2007.09.20"]
[Round "-"]
[White "e_castle3"]
[Black "BigDoggProblem"]
[Result "0-1"]
[WhiteCountry "PHI"]
[BlackCountry "USA"]
[WhiteElo "1774"]
[WhiteRD "69"]
[BlackElo "2055"]
[BlackRD "97"]
[GameID "121375"]

1. Nf3 Nf6 2. d4 g6 3. c4 Bg7 4. Nc3 O-O 5. e4 d6 6. Bd3 Nbd7 7. O-O e5 8. d5 Nc5 9. Bc2 a5 10. h3 Nh5
11. Bg5 Qe8 12. Nb5 Na6 13. a3 h6 14. Be3 f5 15. Qe1 f4 16. Bd2 g5 17. Bxa5 b6 18. Bd2 Qg6 19. Qe2 Bf6 20. Nh2 Be7
21. Bd1 Ng7 22. Qf3 Rf7 23. g4 fxg3 24. Qxg3 Qxe4 25. Rc1 Qg6 26. Re1 Bf5 27. b4 Nh5 28. Bxh5 Qxh5 29. c5 bxc5 30. bxc5 Nxc5
31. Nxc7 Raf8 32. Re3 Ne4 33. Rxe4 Bxe4 34. Ne6 Rxf2 35. Qxf2 Rxf2 36. Kxf2 Qxh3 37. Nf1 Qg2+
0-1

[Event "Less Trivial Norm - 2nd edition"]
[Site "SchemingMind.com"]
[Date "2007.09.20"]
[Round "-"]
[White "Brendan Joseph Birt"]
[Black "BigDoggProblem"]
[Result "1/2-1/2"]
[WhiteCountry "USA"]
[BlackCountry "USA"]
[WhiteElo "1916"]
[WhiteRD "79"]
[BlackElo "2055"]
[BlackRD "97"]
[GameID "121376"]

1. e4 d6 2. d4 Nf6 3. Nc3 g6 4. Nf3 Bg7 5. h3 O-O 6. Be3 a6 7. a4 b6 8. e5 Nfd7 9. e6 fxe6 10. Bc4 Nf6
11. d5 c6 12. Ng5 h6 13. Nxe6 Bxe6 14. dxe6 d5 15. Be2 Qd6 16. Qd3 Kh7 17. h4 Qxe6 18. Bxb6 Nbd7 19. Bd4 Ng4 20. O-O Nge5
21. Qd2 Qf5 22. Nd1 Qf4 23. Qxf4 Rxf4 24. Be3 Rff8 25. c3 Nf7 26. Bf3 e5 27. g3 e4 28. Bg2 Nfe5 29. Bd4 Rab8 30. b4 a5
31. bxa5 c5 32. Bxe5 Nxe5 33. Ne3 Rfd8 34. h5 gxh5 35. Nxd5 Nf3+ 36. Bxf3 exf3 37. Nf4 Bxc3 38. Rac1 Bd4 39. Ne6 Rd5 40. Nxd4 cxd4=
1/2-1/2

[Event "Less Trivial Norm - 2nd edition"]
[Site "SchemingMind.com"]
[Date "2007.09.19"]
[Round "-"]
[White "Netferatu"]
[Black "BigDoggProblem"]
[Result "1-0"]
[WhiteCountry "ARG"]
[BlackCountry "USA"]
[WhiteElo "2174"]
[WhiteRD "78"]
[BlackElo "2055"]
[BlackRD "97"]
[GameID "121377"]

1. d4 Nf6 2. c4 g6 3. Nc3 Bg7 4. Nf3 O-O 5. e3 d6 6. Bd3 Nbd7 7. O-O e5 8. Qc2 Re8 9. Rd1 c6 10. dxe5 dxe5
11. e4 Qc7 12. b4 Nf8 13. h3 h6 14. c5 g5 15. Ne2 Nh5 16. a4 Nf4 17. Nxf4 exf4 18. Bb2 Be6 19. Bxg7 Kxg7 20. Qc3+ Kg8
21. Rd2 Rad8 22. Qf6 Ng6 23. Rad1 Qe7 24. Qxe7 Rxe7 25. Bc2 Red7 26. Rd6 Kf8 27. e5 Ne7 28. Nd4
1-0

[Event "Less Trivial Norm - 2nd edition"]
[Site "SchemingMind.com"]
[Date "2007.09.20"]
[Round "-"]
[White "calidore"]
[Black "BigDoggProblem"]
[Result "0-1"]
[WhiteCountry "ISR"]
[BlackCountry "USA"]
[WhiteElo "1871"]
[WhiteRD "59"]
[BlackElo "2093"]
[BlackRD "117"]
[GameID "121378"]

1. e4 d6 2. d4 Nf6 3. Nc3 g6 4. Be3 c6 5. Qd2 b5 6. a3 Nbd7 7. f3 a6 8. Nge2 Nb6 9. b3 Qc7 10. g4 Bb7
11. h4 h5 12. g5 Nfd7 13. Bh3 Bg7 14. f4 c5 15. Rd1 b4 16. axb4 cxb4 17. Na4 Bxe4 18. O-O Nxa4 19. bxa4 Qxc2 20. Bxd7+ Kxd7
21. Qe1 Rhc8 22. Rc1 Qd3 23. Ng3 Bxd4 24. Bxd4 Rxc1 25. Qxc1 Qxg3#
0-1

[Event "Less Trivial Norm - 2nd edition"]
[Site "SchemingMind.com"]
[Date "2007.09.19"]
[Round "-"]
[White "Vaidotas"]
[Black "BigDoggProblem"]
[Result "0-1"]
[WhiteCountry "LTU"]
[BlackCountry "USA"]
[WhiteElo "1945"]
[WhiteRD "76"]
[BlackElo "2055"]
[BlackRD "97"]
[GameID "121379"]

1. e4 d6 2. d4 Nf6 3. Nc3 g6 4. Be3 c6 5. Qd2 b5 6. f3 Nbd7 7. d5 cxd5 8. Nxd5 a6 9. Bd3 Bb7 10. Nxf6+ Nxf6
11. O-O-O Qc7 12. Ne2 Bg7 13. Bh6 O-O 14. h4 d5 15. exd5 Bxd5 16. h5 Bxa2 17. Nc3 Be6 18. Ne4 Nxe4 19. Bxe4 Rfd8 20. Qe3 Qa5
21. Bd3 Rxd3 22. Rxd3 Qa1+ 23. Kd2 Qxh1 24. Bxg7 Qxg2+ 25. Kc1 Kxg7 26. hxg6 hxg6 27. Qd4+ f6 28. b3 Rc8 29. Rd2 Qxf3 30. Kb2 Qf5
31. Qb6 Qe5+ 32. Kb1 Qe1+
0-1

[Event "Less Trivial Norm - 2nd edition"]
[Site "SchemingMind.com"]
[Date "2007.09.24"]
[Round "-"]
[White "Konan_Kaddosh"]
[Black "BigDoggProblem"]
[Result "1-0"]
[WhiteCountry "ITA"]
[BlackCountry "USA"]
[WhiteElo "2444"]
[WhiteRD "56"]
[BlackElo "2055"]
[BlackRD "97"]
[GameID "121380"]

1. e4 d6 2. d4 Nf6 3. Nc3 g6 4. Nf3 Bg7 5. Be2 O-O 6. O-O Bg4 7. Be3 Nc6 8. Qd2 e5 9. dxe5 dxe5 10. Rad1 Qc8
11. Qc1 Rd8 12. Rxd8+ Qxd8 13. Rd1 Qf8 14. h3 Bxf3 15. Bxf3 h5 16. b3 Kh7 17. Nd5 Rc8 18. c3 Ne8 19. b4 Ne7 20. Bc5 Nd6
21. Nxc7 Nxe4 22. Ne6 fxe6 23. Bxe4 b6 24. Bd6 Qf7 25. Bxe7 Qxe7 26. Qc2 Qf7 27. Rd3 Bh6 28. Rf3
1-0

[Event "Less Trivial Norm - 2nd edition"]
[Site "SchemingMind.com"]
[Date "2007.09.23"]
[Round "-"]
[White "Lazaro"]
[Black "BigDoggProblem"]
[Result "0-1"]
[WhiteCountry "CUB"]
[BlackCountry "USA"]
[WhiteElo "1856"]
[WhiteRD "56"]
[BlackElo "2063"]
[BlackRD "97"]
[GameID "121824"]

1. d4 Nf6 2. c4 g6 3. Nc3 Bg7 4. e4 d6 5. Nf3 O-O 6. Be2 e5 7. dxe5 dxe5 8. Qxd8 Rxd8 9. Bg5 Re8 10. Nd5 Nxd5
11. cxd5 c6 12. Bc4= cxd5 13. Bxd5 Nc6 14. a3 Bg4 15. Rc1 Bxf3 16. gxf3 Nd4 17. Be3 Nxf3+ 18. Ke2 Nd4+ 19. Bxd4 exd4 20. Rc7 Rf8
21. Rxb7 Rab8 22. Bxf7+ Kh8 23. Rxb8 Rxb8 24. b3 Rc8 25. Bc4 Be5=
0-1

[Event "Less Trivial Norm - 2nd edition"]
[Site "SchemingMind.com"]
[Date "2007.09.26"]
[Round "-"]
[White "Lazaro"]
[Black "e_castle3"]
[Result "0-1"]
[WhiteCountry "CUB"]
[BlackCountry "PHI"]
[WhiteElo "1595"]
[WhiteRD "46"]
[BlackElo "1815"]
[BlackRD "74"]
[GameID "121825"]

1. d4 d5 2. c4 c6 3. Nc3 Nf6 4. Nf3 Bg4 5. Qb3 Qc7 6. cxd5 e6 7. dxe6 Bxe6 8. Qc2 Bb4 9. a3 Ba5 10. b4 Bb6
11. e3 Qe7 12. Be2 O-O 13. O-O Nbd7 14. Bb2 Nd5 15. e4 Nf4 16. Bd1 Bg4 17. Na4 Bc7 18. Bc1 Rfe8 19. Bxf4 Bxf4 20. Nc3 Qf6
21. e5 Qh6 22. g3 Bg5 23. Nxg5 Qxg5 24. f4 Qf5 25. Qxf5 Bxf5 26. Bb3 Kf8 27. d5 cxd5 28. Nxd5 Rac8 29. Rac1 Be6 30. Ba4 Red8
31. Bxd7 Rxc1 32. Rxc1 Bxd7 33. Ne3 Bc6 34. Rd1 Rxd1+ 35. Nxd1 Ke7 36. Kf2 Ke6
0-1

[Event "Less Trivial Norm - 2nd edition"]
[Site "SchemingMind.com"]
[Date "2007.09.22"]
[Round "-"]
[White "Lazaro"]
[Black "Brendan Joseph Birt"]
[Result "1/2-1/2"]
[WhiteCountry "CUB"]
[BlackCountry "USA"]
[WhiteElo "1874"]
[WhiteRD "51"]
[BlackElo "1916"]
[BlackRD "79"]
[GameID "121826"]

1. d4 Nf6 2. c4 e6 3. Nc3 Bb4 4. Qc2 Nc6 5. Nf3 d6 6. Bg5 h6 7. Bxf6 Qxf6 8. e3 O-O 9. a3 Bxc3+ 10. Qxc3 e5
11. d5 Ne7 12. e4 Ng6 13. g3 Qe7 14. Bg2 f5 15. Nd2 f4 16. O-O Bd7 17. Rac1 b6 18. b4 fxg3 19. fxg3 Bg4 20. Qe3 Rxf1+
21. Rxf1 Rf8 22. Rxf8+ Qxf8 23. Qf2 Qxf2+ 24. Kxf2 Kf7 25. Bf3 Bxf3 26. Kxf3 Nf8 27. Kg4 g6 28. h4=
1/2-1/2

[Event "Less Trivial Norm - 2nd edition"]
[Site "SchemingMind.com"]
[Date "2007.09.24"]
[Round "-"]
[White "Lazaro"]
[Black "Netferatu"]
[Result "0-1"]
[WhiteCountry "CUB"]
[BlackCountry "ARG"]
[WhiteElo "1856"]
[WhiteRD "56"]
[BlackElo "2174"]
[BlackRD "81"]
[GameID "121827"]

1. d4 Nf6 2. c4 e6 3. Nf3 d5 4. cxd5 exd5 5. Nc3 Bd6 6. Bg5 c6 7. e3 h6 8. Bh4 O-O 9. Bd3 Re8 10. Rc1 Qe7
11. Qb3 Nbd7 12. Qc2 Nb6 13. O-O Bg4 14. Nd2 Bd7 15. Kh1 Qe6 16. Rfe1 Ng4 17. Nf3 Nf6 18. Bxf6 Qxf6 19. e4 dxe4 20. Nxe4 Qf4
21. Nxd6 Qxd6 22. a3 Rad8 23. b4 Nd5 24. Ne5 Re7 25. Bh7+ Kh8 26. Be4= Nc7 27. Rcd1 Nb5 28. f4 Be6 29. a4 Nc7
0-1

[Event "Less Trivial Norm - 2nd edition"]
[Site "SchemingMind.com"]
[Date "2007.09.27"]
[Round "-"]
[White "Lazaro"]
[Black "calidore"]
[Result "0-1"]
[WhiteCountry "CUB"]
[BlackCountry "ISR"]
[WhiteElo "1874"]
[WhiteRD "51"]
[BlackElo "1877"]
[BlackRD "60"]
[GameID "121828"]

1. d4 Nf6 2. c4 e6 3. Nf3 b6 4. g3 Bb7 5. Bg2 Be7 6. O-O O-O 7. Nc3 d5 8. cxd5 Nxd5 9. e4 Nxc3 10. bxc3 Bxe4
11. a4 Nd7 12. a5 c5 13. Qe2 Bb7 14. Qb5 a6 15. Qd3 b5 16. Ng5 Bxg5 17. Bxb7 Ra7 18. Be4 h6 19. Ba3 Be7 20. Qe3 cxd4
21. Qxd4 Rc7 22. Bc1 Bf6 23. Qd6 Rxc3 24. Qxa6 Nc5 25. Qxb5 Nxe4 26. a6 Rxg3+ 27. hxg3 Bxa1 28. Qa4 Qd4
0-1

[Event "Less Trivial Norm - 2nd edition"]
[Site "SchemingMind.com"]
[Date "2007.09.23"]
[Round "-"]
[White "Lazaro"]
[Black "Vaidotas"]
[Result "0-1"]
[WhiteCountry "CUB"]
[BlackCountry "LTU"]
[WhiteElo "1595"]
[WhiteRD "46"]
[BlackElo "1966"]
[BlackRD "62"]
[GameID "121829"]

1. e4 e5 2. Nf3 Nc6 3. d4 exd4 4. Nxd4 Nf6 5. Nc3 d6 6. Be3 Be7 7. Be2 Bd7 8. f3 O-O 9. Qd2 a6 10. O-O-O b5
11. g4 Nxd4 12. Bxd4 Bc6 13. h4 b4 14. Nd5 a5 15. Nxe7+ Qxe7 16. Qg5 Rfb8 17. h5 h6 18. Bxf6 Qxf6 19. Qxf6 gxf6 20. Rd4 Rb6
21. Rhd1 Kf8 22. Bc4 Ke7 23. Bd5 Bxd5 24. exd5 Rb5 25. Rf4 Rc8 26. Re1+ Kf8 27. Rxf6 Rxd5 28. f4 Kg7 29. g5 hxg5 30. fxg5 Rxg5
31. Ref1 Rf8 32. h6+ Kg8 33. h7+ Kxh7 34. Rxf7+ Rxf7 35. Rxf7+ Rg7 36. Rf5 c5 37. Rf6 Rd7 38. Kd2 Kg7 39. Rf1 d5 40. Kd3 Rf7
41. Re1 Rf3+ 42. Ke2 Rh3 43. Kd1 Kf6 44. Re8 a4 45. Re1 a3 46. Kc1 axb2+ 47. Kxb2 d4
0-1

[Event "Less Trivial Norm - 2nd edition"]
[Site "SchemingMind.com"]
[Date "2007.09.24"]
[Round "-"]
[White "Lazaro"]
[Black "Konan_Kaddosh"]
[Result "0-1"]
[WhiteCountry "CUB"]
[BlackCountry "ITA"]
[WhiteElo "1900"]
[WhiteRD "58"]
[BlackElo "2415"]
[BlackRD "58"]
[GameID "121830"]

1. e4 c5 2. Nf3 Nc6 3. d4 cxd4 4. Nxd4 e5 5. Nb5 d6 6. N1c3 Nf6 7. Bg5 a6 8. Na3 Be6 9. Nd5 Bxd5 10. exd5 Qa5+
11. c3 Qxd5 12. Bxf6 Qxd1+ 13. Rxd1 gxf6 14. g3 Rd8 15. Bg2 f5 16. Nc4 Ke7 17. Ne3 Kf6 18. f4 e4 19. g4 fxg4 20. Nxg4+ Kg7
21. Ne3 d5 22. Rxd5 Rxd5 23. Nxd5 Bc5 24. b4 Ba7 25. Ke2 f5 26. Rb1 b5 27. Rd1 Rd8 28. h4 Kh6
0-1

[Event "Less Trivial Norm - 2nd edition"]
[Site "SchemingMind.com"]
[Date "2007.09.23"]
[Round "-"]
[White "BigDoggProblem"]
[Black "Lazaro"]
[Result "1-0"]
[WhiteCountry "USA"]
[BlackCountry "CUB"]
[WhiteElo "2075"]
[WhiteRD "100"]
[BlackElo "1595"]
[BlackRD "46"]
[GameID "121831"]

1. e4 c5 2. Nf3 Nc6 3. d4 cxd4 4. Nxd4 g6 5. c4 Nf6 6. Nc3 Nxd4 7. Qxd4 d6 8. Be2 Bg7 9. Be3 O-O 10. Qd2 Be6
11. Rc1 a6 12. O-O Rc8 13. b3 Qa5 14. Rfd1 b5 15. Nd5 Qxd2 16. Nxe7+ Kh8 17. Bxd2 Rce8 18. Nd5 Nxe4 19. Bb4 Bxd5 20. Rxd5 Nf6
21. Rxd6 Rxe2 22. Rxf6 Bxf6 23. Bxf8 Bg5 24. Rd1 bxc4 25. bxc4
1-0

[Event "Less Trivial Norm - 2nd edition"]
[Site "SchemingMind.com"]
[Date "2007.09.28"]
[Round "-"]
[White "e_castle3"]
[Black "Lazaro"]
[Result "0-1"]
[WhiteCountry "PHI"]
[BlackCountry "CUB"]
[WhiteElo "1774"]
[WhiteRD "69"]
[BlackElo "1874"]
[BlackRD "51"]
[GameID "121832"]

1. e4 c5 2. Nf3 Nc6 3. Bc4 d6 4. O-O Nf6 5. Re1 Bg4 6. h3 Bh5 7. Nc3 a6 8. g4 Bg6 9. Bf1 e5 10. d3 Nd4
11. Bg5 Be7 12. Bxf6 Bxf6 13. Nd5 h5 14. Nxd4 cxd4 15. c3 dxc3 16. bxc3 hxg4 17. Qxg4 Rh4 18. Qg3 Rc8 19. a4 Rh5 20. Reb1 Rb8
21. Rb6 Rg5
0-1

[Event "Less Trivial Norm - 2nd edition"]
[Site "SchemingMind.com"]
[Date "2007.09.23"]
[Round "-"]
[White "Brendan Joseph Birt"]
[Black "Lazaro"]
[Result "1-0"]
[WhiteCountry "USA"]
[BlackCountry "CUB"]
[WhiteElo "1916"]
[WhiteRD "79"]
[BlackElo "1874"]
[BlackRD "51"]
[GameID "121833"]

1. e4 c5 2. c3 d5 3. exd5 Qxd5 4. d4 e6 5. Nf3 Nc6 6. Na3 a6 7. Nc4 Qd8 8. Be3 b5 9. Nce5 Nxe5 10. Nxe5 cxd4
11. Bxd4 Bb7 12. Qc2 Rc8 13. O-O-O Qa5 14. Kb1 Nf6 15. f3 Be7 16. Bd3 O-O 17. g4 Nd5 18. a3 h6 19. h4 Nf4 20. g5 Nxd3
21. Qxd3 h5 22. g6 f6 23. Nf7 Rfe8 24. Qe3 b4 25. Nh6+ Kf8 26. cxb4 Bxb4 27. axb4 Qb5 28. Bc5+ Rxc5 29. bxc5 gxh6 30. Qxh6+
1-0

[Event "Less Trivial Norm - 2nd edition"]
[Site "SchemingMind.com"]
[Date "2007.09.25"]
[Round "-"]
[White "Netferatu"]
[Black "Lazaro"]
[Result "1-0"]
[WhiteCountry "ARG"]
[BlackCountry "CUB"]
[WhiteElo "2174"]
[WhiteRD "81"]
[BlackElo "1856"]
[BlackRD "56"]
[GameID "121834"]

1. e4 Nf6 2. e5 Nd5 3. c4 Nb6 4. c5 Nd5 5. Bc4 e6 6. d4 b6 7. Bxd5 exd5 8. Nf3 bxc5 9. dxc5 c6 10. Qd4 Na6
11. b4 Nc7 12. O-O a5 13. a3 Ne6 14. Qc3 Be7 15. Nbd2 O-O 16. Bb2 Ba6 17. Rfe1 f5 18. Nb3 axb4 19. axb4 Qe8 20. Nbd4 Bc4
21. Nxe6 dxe6 22. Nd4 Qd7 23. Rxa8 Rxa8 24. Nxf5 Ra7 25. Nd4 Ra2 26. Ra1 Rxa1+ 27. Bxa1 Ba6 28. Qa3
1-0

[Event "Less Trivial Norm - 2nd edition"]
[Site "SchemingMind.com"]
[Date "2007.09.27"]
[Round "-"]
[White "calidore"]
[Black "Lazaro"]
[Result "1-0"]
[WhiteCountry "ISR"]
[BlackCountry "CUB"]
[WhiteElo "1871"]
[WhiteRD "59"]
[BlackElo "1900"]
[BlackRD "58"]
[GameID "121835"]

1. e4 c5 2. c3 Nf6 3. e5 Nd5 4. d4 cxd4 5. cxd4 d6 6. Nf3 Qa5+ 7. Bd2 Qb6 8. Nc3 Nxc3 9. Bxc3 dxe5 10. Nxe5 Nd7
11. Qa4 f6 12. Nc4 Qc6 13. Qb3 Qe6+ 14. Be2 a6 15. Bb4 Nb6 16. O-O Nd5 17. Nd6+ exd6 18. Bc4 Qg4 19. Bxd5 a5 20. Rfe1+ Kd8
21. Bxa5+ Rxa5 22. Qb6+
1-0

[Event "Less Trivial Norm - 2nd edition"]
[Site "SchemingMind.com"]
[Date "2007.09.23"]
[Round "-"]
[White "Vaidotas"]
[Black "Lazaro"]
[Result "0-1"]
[WhiteCountry "LTU"]
[BlackCountry "CUB"]
[WhiteElo "1945"]
[WhiteRD "76"]
[BlackElo "1874"]
[BlackRD "51"]
[GameID "121836"]

1. e4 c5 2. d4 cxd4 3. c3 dxc3 4. Nxc3 d6 5. Bc4 e6 6. Nf3 Nc6 7. O-O Nf6 8. Qe2 Be7 9. Rd1 Qc7 10. Bf4 e5
11. Be3 a6 12. Rac1 Qa5 13. a3 O-O 14. h3 h6 15. Bd5 Be6 16. Bd2 Qd8 17. Be1 Qb8 18. b4 Nh5 19. Bd2 Nf6 20. Be3 Bxd5
21. Nxd5 Nxd5 22. exd5 Na7 23. a4 b5 24. a5 Rc8 25. Rxc8+ Nxc8 26. Rc1 Qb7 27. Qd3 Bd8 28. Rc6 Qd7 29. Qc2 Ne7 30. Rc3 Nxd5
31. Rb3 Nxe3 32. Rxe3 Rc8 33. Qd2 Qc7 34. Rd3 Qc1+ 35. Qxc1 Rxc1+ 36. Kh2 e4 37. Re3 d5 38. Ne1 Be7 39. f3 Bxb4
0-1